<?xml version="1.0" encoding="UTF-8"?>
<record
    xmlns:xsi="http://www.w3.org/2001/XMLSchema-instance"
    xsi:schemaLocation="http://www.loc.gov/MARC21/slim http://www.loc.gov/standards/marcxml/schema/MARC21slim.xsd"
    xmlns="http://www.loc.gov/MARC21/slim">

  <leader>01545nam0a2200313   4500</leader>
  <controlfield tag="001">RU\NLR\BIBL_A\012116012</controlfield>
  <controlfield tag="005">20250623211407.0</controlfield>
  <datafield tag="035" ind1=" " ind2=" ">
    <subfield code="a">(NLR Aleph) 012116012</subfield>
  </datafield>
  <datafield tag="090" ind1=" " ind2=" ">
    <subfield code="a">11968063</subfield>
    <subfield code="c">11968063</subfield>
  </datafield>
  <datafield tag="100" ind1=" " ind2=" ">
    <subfield code="a">20191010d1902    |||y0rusy50      ca</subfield>
  </datafield>
  <datafield tag="101" ind1="0" ind2=" ">
    <subfield code="a">rus</subfield>
  </datafield>
  <datafield tag="102" ind1=" " ind2=" ">
    <subfield code="a">RU</subfield>
  </datafield>
  <datafield tag="105" ind1=" " ind2=" ">
    <subfield code="a">y|||z|||000zy</subfield>
  </datafield>
  <datafield tag="200" ind1="1" ind2=" ">
    <subfield code="a">&#x41F;&#x441;&#x438;&#x445;&#x43E;&#x43B;&#x43E;&#x433;&#x438;&#x447;&#x435;&#x441;&#x43A;&#x438;&#x435; &#x438; &#x43F;&#x441;&#x438;&#x445;&#x43E;&#x43F;&#x430;&#x442;&#x43E;&#x43B;&#x43E;&#x433;&#x438;&#x447;&#x435;&#x441;&#x43A;&#x438;&#x435; &#x430;&#x43D;&#x430;&#x43B;&#x438;&#x437;&#x44B; &#x443;&#x433;&#x43E;&#x43B;&#x43E;&#x432;&#x43D;&#x44B;&#x445; &#x43F;&#x440;&#x435;&#x441;&#x442;&#x443;&#x43F;&#x43B;&#x435;&#x43D;&#x438;&#x439; &#x43D;&#x430; &#x43E;&#x441;&#x43D;&#x43E;&#x432;&#x430;&#x43D;&#x438;&#x438; &#x441;&#x443;&#x434;&#x435;&#x431;&#x43D;&#x44B;&#x445; &#x44D;&#x43A;&#x441;&#x43F;&#x435;&#x440;&#x442;&#x438;&#x437; &#x41D;&#x43E;&#x432;&#x433;&#x43E;&#x440;&#x43E;&#x434;&#x441;&#x43A;&#x43E;&#x433;&#x43E; &#x441;&#x443;&#x434;&#x430; 1899-1901 &#x433;&#x43E;&#x434;&#x430;</subfield>
    <subfield code="f">[&#x441;&#x43E;&#x447;.] &#x434;-&#x440;&#x430; &#x410;.&#x410;. &#x424;&#x43E;&#x43D;-&#x424;&#x440;&#x438;&#x43A;&#x435;&#x43D; &#x43E;&#x440;&#x434;&#x438;&#x43D;&#x430;&#x442;&#x43E;&#x440;&#x430; &#x412;&#x438;&#x43D;&#x43D;&#x438;&#x446;&#x43A;&#x43E;&#x439; &#x43E;&#x43A;&#x440;&#x443;&#x436;&#x43D;&#x43E;&#x439; &#x43F;&#x441;&#x438;&#x445;&#x438;&#x430;&#x442;&#x440;&#x438;&#x447;&#x435;&#x441;&#x43A;&#x43E;&#x439; &#x43B;&#x435;&#x447;&#x435;&#x431;&#x43D;&#x438;&#x446;&#x44B;</subfield>
  </datafield>
  <datafield tag="210" ind1=" " ind2=" ">
    <subfield code="a">&#x412;&#x438;&#x43B;&#x44C;&#x43D;&#x430;</subfield>
    <subfield code="c">&#x422;&#x438;&#x43F;&#x43E;&#x433;&#x440;&#x430;&#x444;&#x438;&#x44F; &#x420;.&#x41A;. &#x428;&#x435;&#x440;&#x440;&#x430;</subfield>
    <subfield code="d">1902</subfield>
  </datafield>
  <datafield tag="215" ind1=" " ind2=" ">
    <subfield code="a">[2], 142, [1] &#x441;.</subfield>
    <subfield code="d">24</subfield>
  </datafield>
  <datafield tag="320" ind1=" " ind2=" ">
    <subfield code="a">&#x411;&#x438;&#x431;&#x43B;&#x438;&#x43E;&#x433;&#x440;. &#x432; &#x43F;&#x43E;&#x434;&#x441;&#x442;&#x440;&#x43E;&#x447;. &#x43F;&#x440;&#x438;&#x43C;&#x435;&#x447;.</subfield>
  </datafield>
  <datafield tag="606" ind1="1" ind2=" ">
    <subfield code="a">&#x41F;&#x440;&#x435;&#x441;&#x442;&#x443;&#x43F;&#x43B;&#x435;&#x43D;&#x438;&#x44F;</subfield>
    <subfield code="x">&#x41F;&#x441;&#x438;&#x445;&#x43E;&#x43B;&#x43E;&#x433;&#x438;&#x447;&#x435;&#x441;&#x43A;&#x438;&#x435; &#x438;&#x441;&#x441;&#x43B;&#x435;&#x434;&#x43E;&#x432;&#x430;&#x43D;&#x438;&#x44F;</subfield>
    <subfield code="9">2247291</subfield>
    <subfield code="3">RU\NLR\AUTH\661348158</subfield>
  </datafield>
  <datafield tag="606" ind1="1" ind2=" ">
    <subfield code="a">&#x421;&#x443;&#x434;&#x435;&#x431;&#x43D;&#x43E;-&#x43F;&#x441;&#x438;&#x445;&#x438;&#x430;&#x442;&#x440;&#x438;&#x447;&#x435;&#x441;&#x43A;&#x430;&#x44F; &#x44D;&#x43A;&#x441;&#x43F;&#x435;&#x440;&#x442;&#x438;&#x437;&#x430;</subfield>
    <subfield code="9">930163</subfield>
    <subfield code="3">RU\NLR\AUTH\6623797</subfield>
  </datafield>
  <datafield tag="686" ind1="3" ind2=" ">
    <subfield code="a">&#x420;648.1</subfield>
  </datafield>
  <datafield tag="686" ind1="3" ind2=" ">
    <subfield code="a">&#x42E;947.11</subfield>
  </datafield>
  <datafield tag="686" ind1="3" ind2=" ">
    <subfield code="a">&#x425;893.9(2)413.2</subfield>
  </datafield>
  <datafield tag="700" ind1=" " ind2="1">
    <subfield code="7">ca</subfield>
    <subfield code="8">rus</subfield>
    <subfield code="a">&#x424;&#x440;&#x438;&#x43A;&#x435;&#x43D;</subfield>
    <subfield code="b">&#x410;. &#x410;. &#x444;&#x43E;&#x43D;</subfield>
    <subfield code="f">1869-1940</subfield>
    <subfield code="g">&#x410;&#x440;&#x43A;&#x430;&#x434;&#x438;&#x439; &#x410;&#x43B;&#x435;&#x43A;&#x441;&#x430;&#x43D;&#x434;&#x440;&#x43E;&#x432;&#x438;&#x447; &#x444;&#x43E;&#x43D;</subfield>
    <subfield code="9">211573</subfield>
    <subfield code="3">RU\NLR\AUTH\770211629</subfield>
  </datafield>
  <datafield tag="852" ind1=" " ind2=" ">
    <subfield code="a">NLR</subfield>
    <subfield code="j">34.9.2.183</subfield>
  </datafield>
  <datafield tag="852" ind1=" " ind2=" ">
    <subfield code="a">NLR</subfield>
    <subfield code="j">133/5262</subfield>
  </datafield>
  <datafield tag="942" ind1=" " ind2=" ">
    <subfield code="c">BOOK</subfield>
  </datafield>
  <datafield tag="980" ind1=" " ind2=" ">
    <subfield code="a">NB</subfield>
  </datafield>
</record>
